00309nam a22000857a 4500008004100000082001300041245008900054260007000143300001000213230606b xxu||||| |||| 00| 0 eng d a336bWAN aFinancial Management in the Public SectorbTools, Applications and CasescM.E Sharpe aIndiabAsokeK. Ghsh, Prentice-Hall of India Private Linitedc2006 a194 p